The noble scholar, jurist, historian


 His Excellency Dr. Abdul Wahhab bin Ibrahim Abu Sulaiman, may Allah have mercy on him.


 He was born in Umm Al-Qura in the year 1356 AH.

موطأ الإمام مالك بن أنس / (Record no. 12646)

MARC details
000 -LEADER
fixed length control field 01658cam a22003611i 4500
003 - CONTROL NUMBER IDENTIFIER
control field SA-RiAUC
005 - DATE AND TIME OF LATEST TRANSACTION
control field 20251020074534.0
008 - FIXED-LENGTH DATA ELEMENTS--GENERAL INFORMATION
fixed length control field 251014s1985 su g b 00110dara c
040 ## - CATALOGING SOURCE
Original cataloging agency SA-JeALM
Language of cataloging ara
Transcribing agency SA-RiAUC
Description conventions rda
082 04 - DEWEY DECIMAL CLASSIFICATION NUMBER
Classification number 236.4
Assigning agency SA-RiAUC
090 ## - LOCALLY ASSIGNED LC-TYPE CALL NUMBER (OCLC); LOCAL CALL NUMBER (RLIN)
Classification number (OCLC) (R) ; Classification number, CALL (RLIN) (NR) 236.4
Local cutter number (OCLC) ; Book number/undivided call number, CALL (RLIN) ا م ا
100 1# - MAIN ENTRY--PERSONAL NAME
Personal name الإمام مالك، مالك بن أنس بن مالك،
Dates associated with a name 93-179 هجري
Relator term مؤلف.
240 12 - UNIFORM TITLE
Uniform title الموطأ
245 10 - TITLE STATEMENT
Title موطأ الإمام مالك بن أنس /
Statement of responsibility, etc. رواية ابن القاسم ؛ تلخيص القابسي ؛ تحقيق محمد بن علوي بن عباس المالكي.
250 ## - EDITION STATEMENT
Edition statement الطبعة الأولى.
264 #1 - PRODUCTION, PUBLICATION, DISTRIBUTION, MANUFACTURE, AND COPYRIGHT NOTICE
Place of production, publication, distribution, manufacture جدة، السعودية :
Name of producer, publisher, distributor, manufacturer دار الشروق،
Date of production, publication, distribution, manufacture, or copyright notice 1985
300 ## - PHYSICAL DESCRIPTION
Extent 591 صفحة ؛
Dimensions 25 سم.
336 ## - CONTENT TYPE
Content type term نص
Content type code txt
Source rdacontent
Materials specified كتاب
337 ## - MEDIA TYPE
Media type term بدون وسيط
Media type code n
Source rdamedia
338 ## - CARRIER TYPE
Carrier type term مجلد
Carrier type code nc
Source rdacarrier
490 0# - SERIES STATEMENT
Series statement ذخائر التراث الإسلامي ؛
Volume/sequential designation 3
500 ## - GENERAL NOTE
General note يشتمل على كشافات.
504 ## - BIBLIOGRAPHY, ETC. NOTE
Bibliography, etc. note يشتمل على إرجاعات ببليوجرافية.
650 #7 - SUBJECT ADDED ENTRY--TOPICAL TERM
Topical term or geographic name entry element الحديث
General subdivision مسند ابن مالك
Source of heading or term aucsh
650 #7 - SUBJECT ADDED ENTRY--TOPICAL TERM
Topical term or geographic name entry element الحديث
General subdivision المسانيد
Source of heading or term aucsh
650 #7 - SUBJECT ADDED ENTRY--TOPICAL TERM
Topical term or geographic name entry element الفقه المالكي
Source of heading or term aucsh
700 1# - ADDED ENTRY--PERSONAL NAME
Personal name ابن القاسم، عبد الرحمن،
Dates associated with a name 132-191 هجري
Relator term راوي.
700 1# - ADDED ENTRY--PERSONAL NAME
Personal name ابن القابسي، علي بن محمد بن خلف،
Dates associated with a name 324-403 هجري
Relator term ملخص.
700 1# - ADDED ENTRY--PERSONAL NAME
Personal name الحسني، محمد بن علوي المالكي،
Dates associated with a name 1367-1425 هجري
Relator term محقق.
942 ## - ADDED ENTRY ELEMENTS (KOHA)
Source of classification or shelving scheme Dewey Decimal Classification
Koha item type Books
Suppress in OPAC No
949 ## - LOCAL PROCESSING INFORMATION (OCLC)
a SA-JeALM
d 251014
u mohamedma123
n 1
Holdings
Withdrawn status Lost status Source of classification or shelving scheme Damaged status Not for loan Home library Current library Date acquired Total checkouts Full call number Barcode Date last seen Price effective from Koha item type
    Dewey Decimal Classification     DR AbdElwahab Library DR AbdElwahab Library 10/20/2025   236.4 ا م ا 000020397 10/20/2025 10/20/2025 Books